000 00844nam a2200265 a 4500
001 60767
003 BD-RjUL
005 20211209080900.0
008 170102s19721971cau b 001 0 eng
020 _a0875890946
035 _a(BD-RjUL)60891
040 _aBD-RjUL
_cBD-RjUL
_dBD-RjUL
_beng
041 _aeng
082 0 0 _223
_a016.378
_bDRW 1972
100 1 _aDressel, Paul Leroy,
_d1910-
_9181056
245 1 4 _aThe world of higher education
_c[by] Paul L. Dressel & Sally B. Pratt.
250 _a[1st ed.]
260 _aSan Francisco :
_bJossey-Bass,
_cc1971 [reprinted 1972]
300 _axv, 238 p. ;
_c24 cm.
490 0 _aThe Jossey-Bass series in higher education
500 _aIncludes index
650 0 _aUniversities and colleges
_xBibliography.
_9181057
700 1 _aPratt, Sally B.,
_ejoint author.
_9181058
942 _2ddc
_cBK
999 _c60767
_d60767